00462nam a2200133Ia 4500008004100000082001300041100004000054245012400094260003900218300001300257520001100270650001800281700002900299230907s9999||||xx |||||||||||||| ||und|| a620bMUN aMuhammad Muneeb Ahmad (00000206086) 0aEnergy Management in the Large-Scale Manufacturing (LSM) Industries of Pakistan; Current Status, Barriers and Drivers / aUSPCAS-E, NUST,bIslamabad :c2021 aix, 72 p aTH-301 aMS-TEE Thesis aDr. Muhammad Bilal Sajid